000 00717nam a2200301Ia 4500
005 20260330160902.0
008 008 300114s9999 xx 000 0 eng d
020 _a9789352605422
037 _aEBOOK
040 _aCRL
040 _beng
040 _cCRL
041 _2eng
041 _aeng
084 _qCRL
100 _aBhole
_9225310
245 0 _aFinancial Institutions and Markets
250 _a6
260 _bMcgraw Hill
260 _c2017
365 _aINR
365 _b69300
650 _aAccounting & Finance
856 _uhttps://resolver.vitalsource.com/9789352605422/?brand=mcgrawhillindia.vitalsource.com
942 _cEBOOK
999 _c1844130
_d1844130